Giáo trình triết học Mác - Lênin Dúng trong các trường Đại học, Cao đẳng
v.v...
Đã lưu trong:
| Tác giả chính: | |
|---|---|
| Định dạng: | Sách |
| Năm xuất bản: |
Tp HCM
Hồng Đức
2008
|
| Chủ đề: | |
| Tags: |
Thêm thẻ
Không có thẻ, Hãy là người đầu tiên gắn thẻ bản ghi này!
|
| LEADER | 01196nam a2200193 4500 | ||
|---|---|---|---|
| 082 | |a 335.411 |b Gi108tr | ||
| 100 | |a Bộ giáo dục và đào tạo | ||
| 245 | |a Giáo trình triết học Mác - Lênin |c Bộ giáo dục và đào tạo |b Dúng trong các trường Đại học, Cao đẳng | ||
| 260 | |a Tp HCM |b Hồng Đức |c 2008 | ||
| 300 | |a 416 tr. |c 21 cm | ||
| 520 | |a v.v... | ||
| 653 | |a Triết học Mác - Lênin | ||
| 653 | |a Giáo trình | ||
| 942 | |2 ddc |c STK0 | ||
| 999 | |c 9471 |d 9471 | ||
| 952 | |0 0 |1 0 |2 ddc |4 0 |6 335_411000000000000_GI108TR |7 0 |8 300 |9 75386 |a qbu |b qbu |c D2 |d 2015-05-11 |g 21000 |l 1 |o 335.411 Gi108tr. |p 9121.c1 |r 2017-11-23 |s 2017-11-17 |w 2015-05-11 |y STK0 | ||
| 952 | |0 0 |1 0 |2 ddc |4 0 |6 335_411000000000000_GI108TR |7 0 |8 300 |9 75387 |a qbu |b qbu |c D2 |d 2015-05-11 |g 21000 |l 2 |o 335.411 Gi108tr. |p 9121.c2 |r 2016-12-22 |s 2016-12-19 |w 2015-05-11 |y STK0 | ||
| 952 | |0 0 |1 0 |2 ddc |4 0 |6 335_411000000000000_GI108TR |7 0 |8 300 |9 75388 |a qbu |b qbu |c D2 |d 2015-05-11 |g 21000 |l 4 |m 1 |o 335.411 Gi108tr. |p 9121.c3 |r 2018-12-21 |s 2018-12-19 |w 2015-05-11 |y STK0 | ||
| 952 | |0 0 |1 0 |2 ddc |4 0 |6 335_411000000000000_GI108TR |7 0 |8 300 |9 75389 |a qbu |b qbu |c D2 |d 2015-05-11 |g 21000 |l 5 |m 2 |o 335.411 Gi108tr. |p 9121.c4 |r 2021-11-02 |s 2021-11-02 |w 2015-05-11 |y STK0 | ||